LEADER 01290nam a2200313 i 4500 001 000000121669 003 CaOOAMICUS 005 20040107000000.0 008 040107s1988 it u000 u ita u 013 $a94364 020 $a88-18-21009-2 040 $aSeMil$bita 100 1 $aRobbins Landon, H.C.$0(OLS)http://semarc/name/50583 240 10$aHaydn :$bhis life and music.$0(OLS)http://semarc/title/179157 245 10$aHaydn :$bvita e opere /$cH.C. Robbins Landon e David Wyn Jones. 260 $aMilano :$bRusconi,$c1988. 300 $a691 p. :$bill., tabelle, notazioni musicali ;$c22 cm. 490 0 $aLa musica 500 $aContiene : Bibliografia essenziale. - Fondo Card. C.M. Martini. 600 14$aHaydn, Franz Joseph <1732-1809>.$0(OLS)http://semarc/subject/11235 700 1 $aWyn Jones, David.$0(OLS)http://semarc/name/50584 830 3$aLa musica.$0(OLS)http://semarc/title/9424 850 $aSeMil 852 $aSeMil$W1$xVenegono$y1$m3Q V 21$j76729$B76729$CSeMilBibl$Z2$F78285 $81 941 1 $a4 961 $aOmaggio: Martini Card. Carlo Maria 996 $6020$a88-18-21009-2$9(OLS)http://semarc/number/107216 996 $6245$aHaydn :$bvita e opere$9(OLS)http://semarc/title/179156 996 $6260$aMilano :$bRusconi$9(OLS)http://semarc/publisher/30258 LEADER 00946nam a2200181 i 4500 001 000000029627 003 CaOOAMICUS 005 20180830125448.0 008 180830s1969 gw u000 u und u 040 $aSeMil$bita 100 1 $aFohrer, Georg.$0(OLS)http://semarc/name/194 245 14$aDas Alte Testament :$bEinführung in Bibelkunde und Literatur des Alten Testaments und in Geschichte und Religion Israels /$cGeorg Fohrer. 260 $aGütersloh :$bGütersloher Verlagshaus Gerd Mohn,$ccopyr. 1969. 300 $av. ;$c23 cm. 650 4$aBibbia. Antico Testamento - Commentari, studi, critica, interpretazioni.$0(OLS)http://semarc/subject/2 774 0 $tErster Teil.$w()228420 996 $6245$aDas Alte Testament :$bEinführung in Bibelkunde und Literatur des Alten Testaments und in Geschichte und Religion Israels$9(OLS)http://semarc/title/40252 996 $6260$aGütersloh :$bGütersloher Verlagshaus Gerd Mohn$9(OLS)http://semarc/publisher/30042